| 000 | 03420cam a22006614i 4500 | ||
|---|---|---|---|
| 003 | PE-LiUPU | ||
| 005 | 20250731165606.0 | ||
| 008 | 150706s r 000 0 d | ||
| 020 | _a9789972380327 | ||
| 035 | _a(Sirsi) i9789972380327 | ||
| 035 | _a(Sirsi) i9789972380327 | ||
| 040 |
_aPE-LiUPU _bspa _cPE-LiUPU _erda |
||
| 049 | _aPRUA | ||
| 082 | 0 | 4 |
_a001.42 _bZ47 _221 |
| 100 | 1 |
_aZavala, Abel Andrés , _eautor. |
|
| 245 | 1 | 0 |
_aProyecto de investigación científica / _cAbel Andrés Zavala. |
| 264 | 1 |
_aLima : _bSan Marcos, _c2007. |
|
| 300 |
_a181 páginas : _bdiagrs. ; _c20 centímetros |
||
| 336 |
_atext _2rdacontent |
||
| 337 |
_aunmediated _2rdamedia |
||
| 338 |
_avolume _2rdacarrier |
||
| 504 | _aIncluye bibliografía. | ||
| 505 | 0 | _aEl proyecto de la investigación científica -- La idea -- El tema -- Problema de investigación -- Construcción del marco teórico -- Explicación de las clases de investigación -- Formulación de hipótesis -- Diseños experimentales y no experimentales -- Selección de la muestra -- Recolección de datos -- Análisis de datos -- El presupuesto -- Esquema de la investigación. | |
| 526 | _aSEG44 | ||
| 526 | _aSEG26 | ||
| 526 | _aP151 | ||
| 526 | _aP150 | ||
| 526 | _aP149 | ||
| 526 | _aP146 | ||
| 526 | _aP145 | ||
| 526 | _aP126 | ||
| 526 | _aP125 | ||
| 526 | _aP92 | ||
| 526 | _aP75 | ||
| 526 | _aP74 | ||
| 526 | _aP27 | ||
| 526 | _aP15 | ||
| 541 | _g001-000062; | ||
| 541 | _g001-000062; | ||
| 541 | _g001-000062; | ||
| 541 | _g001-0031424; | ||
| 650 | 0 | 4 |
_aCiencia _vMetodología. |
| 650 | 0 | 4 |
_aInvestigación _vMetodología. |
| 650 | 0 | 4 |
_aInvestigación _vTécnica. |
| 650 | 0 | 4 | _aProyectos de investigación. |
| 910 |
_agl _bjv _cng _d20100414 |
||
| 942 |
_2ddc _cBOOK |
||
| 949 |
_a001.42 Z47 _wDEWEY _c1 _i61342 _lCCODEBUL1 _mBUL _p14.00 _r0 _sY _tBOOK _u2015-7-6 _xINGENIERIA _PP27 _o.STAFF. Colección General |
||
| 949 |
_a001.42 Z47 _wDEWEY _c2 _i68500 _d2016-6-1 _e2016-6-1 _lCCODEBUL1 _mBUL _n2 _p10.00 _r0 _sY _tBOOK _u2015-7-6 _xFCE _PP47 _0COMPRA _o.STAFF. Colección General |
||
| 949 |
_a001.42 Z47 _wDEWEY _c3 _i68501 _d2016-10-24 _e2016-10-18 _lCCODEBUL1 _mBUL _n1 _p10.00 _r0 _sY _tBOOK _u2015-7-6 _xFCE _PP47 _0COMPRA _o.STAFF. Colección General |
||
| 949 |
_a001.42 Z47 _wDEWEY _c4 _i68502 _d2015-8-24 _e2015-8-24 _lCCODEBUL1 _mBUL _n2 _p10.00 _r0 _sY _tBOOK _u2015-7-6 _xFCE _PP47 _0COMPRA _o.STAFF. Colección General |
||
| 994 |
_aC0 _bPEPRU |
||
| 596 | _a1 | ||
| 999 |
_a001.42 Z47 _wDEWEY _c50597 _i61342 _lLOST _mBUL _p14.00 _r1 _sN _tBOOK _u2015-7-6 _xFCE _PP27 _o.STAFF. Colección General _d50597 |
||
| 999 |
_a001.42 Z47 _wDEWEY _c2 _i68500 _d2016-6-1 _e2016-6-1 _f2021-11-4 _g6 _lCCODEBUL1 _mBUL _n2 _p10.00 _r0 _sY _tBOOK _u2015-7-6 _xBIBLIOTECA _PP47 _0COMPRA _o.STAFF. Colección General |
||
| 999 |
_a001.42 Z47 _wDEWEY _c3 _i68501 _d2016-10-24 _e2016-10-18 _f2021-11-4 _g6 _lCCODEBUL1 _mBUL _n1 _p10.00 _r0 _sY _tBOOK _u2015-7-6 _xBIBLIOTECA _PP47 _0COMPRA _o.STAFF. Colección General |
||
| 999 |
_a001.42 Z47 _wDEWEY _c4 _i68502 _d2017-9-26 _e2017-9-26 _f2021-11-4 _g6 _lCCODEBUL1 _mBUL _n6 _p10.00 _r0 _sY _tBOOK _u2015-7-6 _xBIBLIOTECA _PP47 _0COMPRA _o.STAFF. Colección General |
||
| 980 |
_81 _gALBERTO SANCHEZ Responsable de Automatización |
||